The Kamar / (Record no. 53128)
[ view plain ]
| 000 -LEADER | |
|---|---|
| fixed length control field | 01047nam a22002537a 4500 |
| 005 - DATE AND TIME OF LATEST TRANSACTION | |
| control field | 2011062403353.0 |
| 010 ## - LCCN (DPL NO) | |
| LC control number | B-430934 |
| 020 ## - INTERNATIONAL STANDARD BOOK NUMBER | |
| International Standard Book Number | 9780195666182 |
| Terms of availability | 545.00 |
| 020 ## - INTERNATIONAL STANDARD BOOK NUMBER | |
| International Standard Book Number | 0195666186 |
| Terms of availability | 545.00 |
| 035 ## - SYSTEM CONTROL NUMBER | |
| System control number | B-430934 |
| 037 ## - SOURCE OF ACQUISITION | |
| Source of stock number/acquisition | Oxford University Press |
| 037 ## - SOURCE OF ACQUISITION | |
| Source of stock number/acquisition | Allied Pub/Ven |
| 082 ## - DEWEY DECIMAL CLASSIFICATION NUMBER | |
| Classification number | 305.8948 |
| 100 ## - MAIN ENTRY--PERSONAL NAME | |
| Personal name | Dube, S.C. |
| 245 ## - TITLE STATEMENT | |
| Title | The Kamar / |
| Statement of responsibility, etc | by S.C. Dube |
| 260 ## - PUBLICATION, DISTRIBUTION, ETC. (IMPRINT) | |
| Place of publication, distribution, etc | New Delhi |
| Name of publisher, distributor, etc | Oxford University Press |
| Date of publication, distribution, etc | 2004 |
| 270 ## - ADDRESS | |
| Address | YMCA Library Building, Jai Singh Road |
| City | New Delhi |
| Postal code | 110001 |
| 300 ## - PHYSICAL DESCRIPTION | |
| Extent | xxvii, 240p. |
| Dimensions | 24cm(Hb) |
| 500 ## - GENERAL NOTE | |
| General note | includes index |
| 942 ## - ADDED ENTRY ELEMENTS (KOHA) | |
| Source of classification or shelving scheme | Dewey Decimal Classification |
| Item type | English Books |
| Call number suffix | DUB |
| Classification part | 305.8948 |
| Withdrawn status | Lost status | Not for loan | Home library | Current library | Date acquired | Cost, normal purchase price | Full call number | Cost, replacement price | Koha item type | Collection code | Source of acquisition | Barcode | Copy number |
|---|---|---|---|---|---|---|---|---|---|---|---|---|---|
| Andrews Gunj | Andrews Gunj | 24/06/2011 | 545.00 | DUB | 545.00 | English Books | |||||||
| Written-off vide DLB M. No. 383 dt 16.05.19 | Central Library | Central Library | 08/07/2011 | 545.00 | 305.8948 DUB | 545.00 | English Books | Non-fiction | Allied Pub/2951/29.3.11/78/14.3.11/31.3.11 | B-430934 | 1 |
